Proceddings of the 2011 INternational Symposium on Ocean Electronics Sympol-2011/ (Record no. 188405)

MARC details
000 -LEADER
fixed length control field 00621nam a22001697a 4500
005 - DATE AND TIME OF LATEST TRANSACTION
control field 20220520130404.0
010 ## - LCCN (DPL NO)
LC control number ENG-132747
020 ## - INTERNATIONAL STANDARD BOOK NUMBER
International Standard Book Number 9788184247237
Terms of availability 999.00
035 ## - SYSTEM CONTROL NUMBER
System control number EN-116279
037 ## - SOURCE OF ACQUISITION
Source of stock number/acquisition DBAD/PUB
082 ## - DEWEY DECIMAL CLASSIFICATION NUMBER
Edition number 551.46
245 ## - TITLE STATEMENT
Title Proceddings of the 2011 INternational Symposium on Ocean Electronics Sympol-2011/
Statement of responsibility, etc Edited by P.R.S. Pillai and M.H. Supriya
260 ## - PUBLICATION, DISTRIBUTION, ETC. (IMPRINT)
Place of publication, distribution, etc New Delhi
Name of publisher, distributor, etc Allied Publishers Private Limited
Date of publication, distribution, etc 2011
270 ## - ADDRESS
Address 1/13-14 Asaf Ali Road
City New Delhi
Postal code 110002
Electronic mail address delhi.books@alliedpublishers.com
300 ## - PHYSICAL DESCRIPTION
Extent 250p.
Other physical details Index
Dimensions 25cm(hbk)
942 ## - ADDED ENTRY ELEMENTS (KOHA)
Source of classification or shelving scheme Dewey Decimal Classification
Item type English Books
Classification part 551.46
Call number suffix PRO
Holdings
Withdrawn status Lost status Not for loan Collection code Home library Current library Date acquired Source of acquisition Cost, normal purchase price Full call number Barcode Copy number Cost, replacement price Koha item type
      Non-fiction Bawana Bawana 20/05/2022 DBAD/PUB 999.00 551.46 PRO EN-116279 1 999.00 English Books

© Delhi Public Library
Hit Counter
free hit counter